1636 1861 1980 1888 1159 1220 1217 1201 1546 1514 1616 1012 1322 1049 1001 1474 1598 1605 1718 1396 1814 1994 1565 1823 1095 1383 1285 1513 1426 1551 1733 1064 1359 1909 1161 1954 1922 1006 1140 1597 1166 1947 1375 1058 1022 1228 1633 1087 1962 1068 1300 1098 1968 1709 1934 1344 1285 1551 1751 1461 1218 1529 1983 1844 1612 1066 1933 1134 1269 1009 1147 1303 1645 1092 1463 1169 1243 1533 1314 1169 1288 1839 1401 1122 1815 1873 1486 1395 1029 1526 1041 1174 1394 1511 1084 1635 1917 1593 1446 BCNSPRNW ULIB Ver.6.0+V

เปลี่ยนเป็นภาษาไทย

Change to English
 แสดงรายละเอียดบรรณานุกรม
  กลับหน้าหลัก

Brief Record : Get Marc (ISO 2709) : E-mail record : QR code < ปิดหน้าต่าง
LEADER : 00000nam 2200000uu 4500
001    13399127082
003     ULIB
008    020711s2561 th a 000 0 tha d
020    ^a9786162278877
060    ^aWS103^bม158ก
100    ^aมนฤดี ทองกลอย
245    ^aกุ๋งกิ๋งรักญาติ ชุดส่งเสริมทักษะทางสังคม (สองภาษาไทย-อังกฤษ)
250    ^aพิมพ์ครั้งที่ 1
260    ^aกรุงเทพฯ :^bบริษัท แปลน ฟอร์ คิดส์ จำกัด,^c2561
300    ^a24 หน้า;^b21 ซม.
650    ^aเด็ก^xการเรียนการสอน
945    ^p125^l0^i006270
999    ^aประนอม เกษจรัล
รายการนี้ยังไม่มีแท็ก
คุณยังไม่ได้ล็อกอิน คุณสามารถมีกิจกรรมร่วมกับเว็บไซต์ได้ แต่ต้องล็อกอินก่อน ::
  ล็อกอิน

รายการสื่อสารสนเทศ

ลำดับที่ ประเภท เลขเรียก/บาร์โค้ด สถานที่ สถานะ
1. วิทยาศาสตร์การแพทย์ และสุขภาพ
วิทยาศาสตร์การแพทย์ และสุขภาพ
WS103 ม158ก ฉ.1 
  Barcode: 006270
ห้องสมุดวิทยาเขตสวรรค์ประชารักษ์
►หนังสือทั่วไป
บนชั้น

รายการใกล้เคียง
    ผู้แต่ง [มนฤดี ทองกลอย]

BibComment


ยังไม่เคยถูกคอมเมนท์

คอมเมนท์ทรัพยากรรายการนี้
  คอมเมนท์: กุ๋งกิ๋งรักญาติ ..


 Copyright 2026. Bcnsprnw @Library